Feedback on strategic planning review (Record no. 69345)
[ view plain ]
| 000 -LEADER | |
|---|---|
| fixed length control field | 01074cam a2200205 4500 |
| 001 - CONTROL NUMBER | |
| control field | WB3803-16 |
| 008 - FIXED-LENGTH DATA ELEMENTS--GENERAL INFORMATION | |
| fixed length control field | 020124n2002 000 0 eng u |
| 035 ## - SYSTEM CONTROL NUMBER | |
| System control number | (Sirsi) u116420 |
| 245 ## - TITLE STATEMENT | |
| Title | Feedback on strategic planning review |
| 260 ## - PUBLICATION, DISTRIBUTION, ETC. | |
| Date of publication, distribution, etc. | 2002 |
| 490 ## - SERIES STATEMENT | |
| Series statement | Scottish Executive Press Release |
| Volume/sequential designation | SE5197 22 January 2002, (2) |
| 520 ## - SUMMARY, ETC. | |
| Summary, etc. | Stakeholders in the planning system took part in a seminar in order to receive feedback from the consultation paper, "Review of Strategic Planning". This is part of the current review of Scotland's strategic land use planning arrangements. Proposals in the consultation paper include preparation of a Scotland-wide planning framework document and sharper focus for National Planning Policy guidelines. The consultation paper is at http://www.scotland.gov.uk/library3/planning/rosp-00.asp |
| 590 ## - LOCAL NOTE (RLIN) | |
| Local note | WB |
| 650 ## - SUBJECT ADDED ENTRY--TOPICAL TERM | |
| Topical term or geographic name entry element | STRATEGIC PLANNING GUIDANCE |
| 650 ## - SUBJECT ADDED ENTRY--TOPICAL TERM | |
| Topical term or geographic name entry element | NATIONAL PLANNING POLICY |
| 650 ## - SUBJECT ADDED ENTRY--TOPICAL TERM | |
| Topical term or geographic name entry element | SCOTLAND |
| 650 ## - SUBJECT ADDED ENTRY--TOPICAL TERM | |
| Topical term or geographic name entry element | PLANNING SYSTEM |
| 690 ## - LOCAL SUBJECT ADDED ENTRY--TOPICAL TERM (OCLC, RLIN) | |
| Topical term or geographic name as entry element | ENVIRONMENTAL AND LAND CONSULTANCY-PLANNING AND DEVELOPMENT |
| 942 ## - ADDED ENTRY ELEMENTS (KOHA) | |
| Suppress in OPAC | 0 |
| Withdrawn status | Lost status | Source of classification or shelving scheme | Damaged status | Not for loan | Home library | Current library | Shelving location | Date acquired | Total Checkouts | Full call number | Barcode | Date last seen | Copy number | Price effective from | Koha item type |
|---|---|---|---|---|---|---|---|---|---|---|---|---|---|---|---|
| Dewey Decimal Classification | London | London | News article | 24/01/2002 | WB3803-16 | 116420-1001 | 06/08/2019 | 1 | 06/08/2019 | News article |